International forest related processes and agreements : compilation of selected convention texts

Bibliographic Details
Corporate Authors: Forestry Department Peninsular Malaysia, Jabatan Perhutanan Semenanjung Malaysia
Format: Book
Published: Kuala Lumpur : Forestry Department Peninsular Malaysia , 2005
Subjects:

MARC

LEADER 00000cam a2200000 7i4500
001 0000003601
005 20070918.0
090 0 0 |a 634   |b JPSM 
245 0 0 |a International forest related processes and agreements :   |b compilation of selected convention texts 
260 0 0 |a Kuala Lumpur :   |b Forestry Department Peninsular Malaysia ,   |c 2005 
300 |a v. 334p. :   |b ill., col. ;   |c 25cm. 
650 0 0 |a Forest and forestry 
710 2 1 |a Forestry Department Peninsular Malaysia 
710 2 1 |a Jabatan Perhutanan Semenanjung Malaysia 
999 |a 0000006785   |b Monograph   |c Open Shelf   |e Default branch 
999 |a 0000006786   |b Monograph   |c Open Shelf   |e Default branch 
999 |a 0000006787   |b Monograph   |c Open Shelf   |e Default branch 
999 |a 0000006788   |b Monograph   |c Open Shelf   |e Default branch 
999 |a 0000006789   |b Monograph   |c Open Shelf   |e Default branch